00744nam a2200241 a 4500001001300000003000900013005001700022008004100039020002300080082002200103100002000125245005400145260003600199300000900235500003500244505002000279650001600299700002000315902000800335942000700343952013500350999001700485nice12345678IN_TiNIC20260116013732.0050524s1998 newa grp 000 0 eng  a8173041 c50000a306.0899145bJAI1 aJaiswal, Suvira aCasteb Origin, Function and Dimensions of Change aNew Delhi bManohar Pub. c1998 a278p aincludes index and biblioraphy2 aAppendix, Index aCaste-India1 aJaiswal, Suvira bSRS cBK 001040708StackRoom-aHMIbHMId2007-10-16g500.00l1o306.0899145 JAI1p018454r2022-08-08s2022-07-29v500.00w2005-05-24yBK c12224d12224